|
|
|
|
| LEADER |
00000nab a2200000 a 4500 |
| 001 |
vtls000816114 |
| 003 |
SK-MaSNL |
| 005 |
20260302151758.0 |
| 008 |
180206c2002 xo 0 slo |
| 015 |
|
|
|a SNBRB2002/12-38727
|
| 035 |
|
|
|a CLN000167769
|
| 040 |
|
|
|a SNKBUCL
|b slo
|c SNKBUCL
|e AACR2
|
| 041 |
0 |
|
|a slo
|
| 044 |
|
|
|a xo
|c SK
|
| 080 |
|
|
|a 629.114.6
|2 UDC-MRF-SK2
|
| 100 |
1 |
|
|a Pauliny, Emil
|4 aut
|9 267424
|
| 245 |
1 |
0 |
|a Lesník na štyroch kolesách
|b Subaru Forester 2.0 X
|c Emil Pauliny
|
| 300 |
|
|
|b Fotogr., tab.
|
| 650 |
0 |
7 |
|a Subaru Forester 2.0 X (osobný automobil)
|x parametre technické
|2 snkbucl
|9 843936
|
| 650 |
0 |
7 |
|a automobily osobné
|2 snkbucl
|9 838476
|
| 655 |
|
7 |
|a články z novín a časopisov
|2 snkbucl
|9 267496
|
| 773 |
0 |
|
|x 1335-0730
|t Stop
|g Roč. 32, č. 22 (2002), s. 16-17
|
| 850 |
|
|
|a Slovenská národná knižnica v Martine
|
| 852 |
|
|
|a SNK
|b KIS3GCP
|
| 958 |
|
|
|a RBX
|
| 999 |
|
|
|c 1360821
|d 1362751
|